000 00838nam a2200301Ia 4500
003 OSt
005 20221006144726.0
006 a|||||r|||| 00| 0
007 ta
008 221006b |||||||| |||| 00| 0 eng d
020 _c£2.25 (each)
024 _a12,501
037 _cTextual
040 _aEASL
_cEASL
_beng
041 _2eng
_aeng
082 _aV41.N68<N50, L1;1
100 _aHSUEH Chun-Tu Ed.
_9149850
245 0 _aRevolutionary leders of modern China
260 _aLondon
_bOxford University
_c1971
300 _a580p.
_ccm.
490 _v TB
650 _a CEL
650 _a Chinese Communist Movement
_9652701
650 _a Early Life of Mao Tse-Tung
_9652702
650 _aTaiping Rebellion
942 _hV41.N68<N50, L1;1
_cTEXL
_2CC
999 _c1080587
_d1080587